| 000 | 00810nam a2200241 4500 | ||
|---|---|---|---|
| 001 | 113310 | ||
| 003 | ES-MaACL | ||
| 005 | 20230906185836.0 | ||
| 007 | t| | ||
| 008 | 061121s1971 sp r ||||1| spa d | ||
| 080 | _a32"18/19"(04) | ||
| 100 | 1 |
_aNin de Cardona, José María. _985749 |
|
| 245 | 1 | 4 |
_aLas ideologías socio-políticas contemporáneas / _cJosé María Nin de Cardona. |
| 260 |
_aMadrid : _bReus, _c1971. |
||
| 300 |
_aXI, 382 p. ; _c21 cm. |
||
| 490 | 1 |
_aBiblioteca jurídica de autores españoles y extranjeros ; _v199 |
|
| 650 | 4 |
_aPolítica- _yS.XIX. _9143258 |
|
| 650 | 4 |
_aPolítica- _yS.XX. _916284 |
|
| 650 | 4 |
_aIdeología- _yS.XX. _913547 |
|
| 830 | 1 |
_aBiblioteca jurídica de autores españoles y extranjeros ; _v199 _9182228 |
|
| 852 |
_aES-MaACL _jC-56004 |
||
| 999 |
_c113310 _d113310 |
||